[Event "3rd Sharjah Masters 2019"]
[Site "Sharjah UAE"]
[Date "2019.03.29"]
[Round "8.11"]
[White "Sindarov, Javokhir"]
[Black "Zubov, Alexander"]
[Result "1-0"]
[WhiteTitle "GM"]
[BlackTitle "GM"]
[WhiteElo "2505"]
[BlackElo "2605"]
[WhiteFideId "14205483"]
[BlackFideId "14109409"]
[EventDate "2019.03.22"]

1. e4 c5 2. Nf3 d6 3. d4 Nf6 4. Nc3 cxd4 5. Nxd4 a6 6. h3 e6 7. g4 Nfd7 8. Bg2
Be7 9. Be3 Nc6 10. Qe2 O-O 11. O-O-O Nxd4 12. Bxd4 b5 13. e5 d5 14. f4 Bb7 15.
Qe3 Rc8 16. Kb1 Bc5 17. Ne2 Qe7 18. Rhe1 Rfe8 19. h4 b4 20. h5 a5 21. Bxc5 Qxc5
22. Nd4 Ba6 23. g5 g6 24. f5 gxf5 25. g6 fxg6 26. hxg6 hxg6 27. Rh1 Nf8 28. Qh6
Kf7 29. Qh8 Ke7 30. Qg7+ Kd8 31. Nxe6+ Nxe6 32. Rxd5+ Qxd5 33. Qf6+ 1-0

[Event "3rd Sharjah Masters 2019"]
[Site "Sharjah UAE"]
[Date "2019.03.29"]
[Round "8.12"]
[White "Vishnu Prasanna, V"]
[Black "Gupta, Abhijeet"]
[Result "1-0"]
[WhiteTitle "GM"]
[BlackTitle "GM"]
[WhiteElo "2524"]
[BlackElo "2602"]
[WhiteFideId "5030692"]
[BlackFideId "5010608"]
[EventDate "2019.03.22"]

1. e4 c5 2. Nc3 d6 3. d4 cxd4 4. Qxd4 Nc6 5. Bb5 Bd7 6. Qd3 g6 7. Bg5 Bg7 8. Nf3
Nf6 9. a3 O-O 10. O-O Rc8 11. Rad1 h6 12. Bc1 Bg4 13. Qe3 Nd7 14. Be2 Qb6 15.
Nd5 Qxe3 16. Nxe3 Be6 17. c3 Nc5 18. Nd2 Ne5 19. Nd5 Bxd5 20. exd5 Ned3 21. Bxd3
Nxd3 22. Nb3 Ne5 23. Rfe1 Rc7 24. h3 Rb8 25. Re4 Kf8 26. Kf1 Nc4 27. Rde1 b5 28.
Nd4 Bxd4 29. Rxd4 Kg7 30. Ke2 Rbb7 31. Kd3 a5 32. Kc2 f6 33. Red1 Rb8 34. Re4 h5
35. b3 Ne5 36. f4 Nf7 37. Be3 Nh6 38. Bf2 Kf7 39. Rd3 Nf5 40. a4 Rcb7 41. axb5
Rxb5 42. c4 R5b7 43. Be1 Ra8 44. Kb2 h4 45. Ka3 Rg8 46. Bxa5 Ra7 47. b4 Ng3 48.
Re1 g5 49. fxg5 Rxg5 50. Ka4 f5 51. Rf3 Ke8 52. Kb5 Kd7 53. c5 dxc5 54. bxc5 Ne4
55. Bb4 Ra2 56. c6+ Kd8 57. Kb6 Ke8 58. Rxf5 Rxf5 59. Rxe4 Rf7 60. d6 Rc2 61.
d7+ Kd8 62. Kb7 1-0

[Event "3rd Sharjah Masters 2019"]
[Site "Sharjah UAE"]
[Date "2019.03.29"]
[Round "8.13"]
[White "Pichot, Alan"]
[Black "Nigmatov, Ortik"]
[Result "1-0"]
[WhiteTitle "GM"]
[BlackTitle "IM"]
[WhiteElo "2584"]
[BlackElo "2478"]
[WhiteFideId "110973"]
[BlackFideId "14202131"]
[EventDate "2019.03.22"]

1. d4 Nf6 2. Nf3 e6 3. c4 d5 4. g3 Bb4+ 5. Bd2 Bd6 6. Nc3 c6 7. Qc2 Nbd7 8. e4
dxe4 9. Nxe4 Nxe4 10. Qxe4 Nf6 11. Qe2 c5 12. dxc5 Bxc5 13. b4 Be7 14. Bg2 O-O
15. O-O Nd7 16. Rfd1 Bf6 17. Rab1 Qe7 18. Be3 a5 19. a3 axb4 20. axb4 Re8 21.
Nd2 Be5 22. c5 Bc7 23. Ne4 e5 24. b5 Nf8 25. b6 Bb8 26. c6 bxc6 27. Bc5 Ba6 28.
Qc2 Qe6 29. b7 1-0

[Event "3rd Sharjah Masters 2019"]
[Site "Sharjah UAE"]
[Date "2019.03.29"]
[Round "8.14"]
[White "Asgarizadeh, Ahmad"]
[Black "Nihal, Sarin"]
[Result "1/2-1/2"]
[WhiteTitle "IM"]
[BlackTitle "GM"]
[WhiteElo "2434"]
[BlackElo "2578"]
[WhiteFideId "12505684"]
[BlackFideId "25092340"]
[EventDate "2019.03.22"]

1. e4 c5 2. Nf3 Nc6 3. d4 cxd4 4. Nxd4 g6 5. c4 Bg7 6. Be3 Nf6 7. Nc3 d6 8. Be2
O-O 9. O-O Nxd4 10. Bxd4 Bd7 11. Qd2 Bc6 12. f3 a5 13. b3 Nd7 14. Be3 Nc5 15.
Rac1 e6 16. Rfd1 Be5 17. Bf1 Qe7 18. Ne2 b6 19. Re1 Rad8 20. Nd4 Qc7 21. Nxc6
Qxc6 22. Rcd1 Rfe8 23. Bf2 Bg7 24. Qc2 h5 25. a3 e5 26. Rd5 Ne6 27. Be3 Nc7 28.
Rdd1 Ne6 29. Rd5 Nc7 30. Rdd1 Ne6 31. Rd5 1/2-1/2

[Event "3rd Sharjah Masters 2019"]
[Site "Sharjah UAE"]
[Date "2019.03.29"]
[Round "8.15"]
[White "Yakubboev, Nodirbek"]
[Black "Sadhwani, Raunak"]
[Result "1-0"]
[WhiteTitle "IM"]
[BlackTitle "IM"]
[WhiteElo "2569"]
[BlackElo "2455"]
[WhiteFideId "14203987"]
[BlackFideId "35093487"]
[EventDate "2019.03.22"]

1. d4 d5 2. c4 dxc4 3. e4 Nf6 4. e5 Nd5 5. Bxc4 Nb6 6. Bb3 Nc6 7. Ne2 Bf5 8.
Nbc3 e6 9. O-O Qd7 10. Be3 O-O-O 11. Qc1 h5 12. Rd1 Nb4 13. a3 N4d5 14. Bg5 Be7
15. a4 a5 16. Bxd5 Nxd5 17. Nxd5 exd5 18. Nc3 f6 19. exf6 gxf6 20. Bf4 Kb8 21.
Nb5 Rc8 22. Re1 Bb4 23. Bd2 Rcg8 24. Bxb4 axb4 25. f3 Bd3 26. Qf4 Rg7 27. Rac1
Bxb5 28. axb5 Qxb5 29. Qxf6 Rhg8 30. g3 b6 31. Qf5 Rg5 32. Qf7 R5g7 33. Qxh5 Qd3
34. Re8+ Rxe8 35. Qxe8+ Kb7 36. Ra1 Qxd4+ 37. Kh1 1-0

[Event "3rd Sharjah Masters 2019"]
[Site "Sharjah UAE"]
[Date "2019.03.29"]
[Round "8.16"]
[White "Iturrizaga Bonelli, Eduardo"]
[Black "Rathnakaran, K."]
[Result "1-0"]
[WhiteTitle "GM"]
[BlackTitle "IM"]
[WhiteElo "2639"]
[BlackElo "2361"]
[WhiteFideId "3901211"]
[BlackFideId "5005507"]
[EventDate "2019.03.22"]

1. c4 e5 2. Nc3 Nc6 3. Nf3 f5 4. d4 e4 5. Ng5 Bb4 6. g3 Qf6 7. a3 Bxc3+ 8. bxc3
h6 9. Nh3 g5 10. Bg2 b6 11. O-O Ba6 12. d5 Na5 13. Be3 Rh7 14. Bd4 Qd6 15. f3
exf3 16. Rxf3 g4 17. Rxf5 gxh3 18. c5 bxc5 19. Be5 Qe7 20. Bf3 d6 21. Qa4+ Kd8
22. Qg4 Qe8 23. Bg7 Bc8 24. Qh4+ Ne7 25. Rf8 Rxg7 26. Rxe8+ Kxe8 27. Qa4+ Kf8
28. Rf1 Kg8 29. Qe8+ Kh7 30. Be4+ Bf5 31. Bxf5+ 1-0

[Event "3rd Sharjah Masters 2019"]
[Site "Sharjah UAE"]
[Date "2019.03.29"]
[Round "8.17"]
[White "Adly, Ahmed"]
[Black "Vignesh, N R"]
[Result "1-0"]
[WhiteTitle "GM"]
[BlackTitle "IM"]
[WhiteElo "2611"]
[BlackElo "2476"]
[WhiteFideId "10601619"]
[BlackFideId "25012215"]
[EventDate "2019.03.22"]

1. d4 d5 2. g3 Nf6 3. Bg2 e6 4. Nf3 b5 5. a4 b4 6. c4 bxc3 7. Nxc3 a6 8. O-O Bd6
9. Bg5 Nbd7 10. e4 dxe4 11. Nxe4 Rb8 12. d5 e5 13. Re1 O-O 14. Nxf6+ Nxf6 15.
Nxe5 Bxe5 16. Rxe5 Rxb2 17. Qd4 Rb6 18. Rae1 h6 19. Bd2 Qd6 20. Qc3 Rb8 21. Bc1
Qb4 22. Qxb4 Rxb4 23. Ba3 Rxa4 24. Bxf8 Kxf8 25. Rc1 Bd7 26. h4 Ne8 27. Rb1 Bb5
28. Bf1 Nd6 29. Rc1 Rd4 30. Bxb5 Nxb5 31. Rc5 f6 32. Re6 Ra4 33. Kg2 Kf7 34. h5
Ra2 35. Re1 Ra4 36. f4 Ra2+ 37. Kh3 Ra3 38. Kg4 Ra2 39. Re3 Rh2 40. Re1 Kf8 41.
d6 Nxd6 42. Rxc7 f5+ 43. Kf3 Rxh5 44. Kg2 g5 45. Rd1 Ne8 46. Rd8 gxf4 47. gxf4
Rh4 48. Rcc8 Rxf4 49. Rxe8+ Kf7 50. Rh8 Kg7 51. Rhd8 1-0

[Event "3rd Sharjah Masters 2019"]
[Site "Sharjah UAE"]
[Date "2019.03.29"]
[Round "8.18"]
[White "Idani, Pouya"]
[Black "Laxman, R.R."]
[Result "0-1"]
[WhiteTitle "GM"]
[BlackTitle "GM"]
[WhiteElo "2604"]
[BlackElo "2425"]
[WhiteFideId "12510130"]
[BlackFideId "5005361"]
[EventDate "2019.03.22"]

1. d4 Nf6 2. c4 e6 3. Nc3 Bb4 4. e3 O-O 5. Nf3 d5 6. Bd2 b6 7. cxd5 exd5 8. Bd3
Ba6 9. Bxa6 Nxa6 10. Qa4 Qc8 11. Rc1 Qb7 12. O-O c5 13. dxc5 bxc5 14. a3 Bxc3
15. Bxc3 Ne4 16. b3 Nc7 17. Rfd1 Ne6 18. Ba5 Rab8 19. b4 Rfc8 20. h3 d4 21. exd4
cxd4 22. b5 Nf4 23. Rxc8+ Rxc8 24. Kh2 Ne2 25. Re1 d3 26. Ne5 Qd5 27. Nxd3 Qd6+
28. g3 Qxd3 0-1

[Event "3rd Sharjah Masters 2019"]
[Site "Sharjah UAE"]
[Date "2019.03.29"]
[Round "8.19"]
[White "Fier, Alexandr"]
[Black "Akshat, Khamparia"]
[Result "1-0"]
[WhiteTitle "GM"]
[BlackTitle "IM"]
[WhiteElo "2551"]
[BlackElo "2415"]
[WhiteFideId "2107139"]
[BlackFideId "5016541"]
[EventDate "2019.03.22"]

1. Nf3 Nf6 2. c4 g6 3. g3 Bg7 4. Bg2 O-O 5. d4 d6 6. Nc3 Nc6 7. O-O Bf5 8. d5
Na5 9. Nd4 Bd7 10. b3 c5 11. dxc6 bxc6 12. Nc2 Rb8 13. c5 d5 14. Bf4 Rc8 15. Be5
Bh6 16. Bxf6 exf6 17. e4 Nb7 18. b4 dxe4 19. Nxe4 Bg7 20. Nd6 Nxd6 21. Qxd6 Qc7
22. Rad1 Be6 23. Nd4 Qxd6 24. cxd6 Bd7 25. Rc1 Rfd8 26. Bxc6 Bh6 27. Rc5 Rb8 28.
Bxd7 Rxd7 29. Nc6 Rbb7 30. Ne7+ Kg7 31. Rd1 f5 32. f4 f6 33. b5 Kf7 34. a4 Bf8
35. Nc8 Ke8 36. Rc6 Kd8 37. b6 axb6 38. Nxb6 1-0

[Event "3rd Sharjah Masters 2019"]
[Site "Sharjah UAE"]
[Date "2019.03.29"]
[Round "8.21"]
[White "Darini, Pouria"]
[Black "Stany, G.A."]
[Result "0-1"]
[WhiteTitle "GM"]
[BlackTitle "GM"]
[WhiteElo "2474"]
[BlackElo "2507"]
[WhiteFideId "12502200"]
[BlackFideId "5029104"]
[EventDate "2019.03.22"]

1. d4 Nf6 2. Bf4 g6 3. Nc3 d5 4. e3 Bg7 5. h4 c6 6. Be2 h5 7. Nf3 Bg4 8. Ne5
Bxe2 9. Qxe2 Nbd7 10. O-O-O Qa5 11. f3 Nb6 12. e4 Rd8 13. Kb1 Nfd7 14. exd5 Nxd5
15. Nxd5 Qxd5 16. Nc4 Nb6 17. Rhe1 Bf6 18. Be5 Bxe5 19. Nxe5 Qe6 20. Qd3 Qf6 21.
Qa3 Nc8 22. g3 Kf8 23. c4 Kg7 24. Qe3 Nd6 25. Ka1 Nf5 26. Qf4 Rd6 27. a3 Rhd8
28. d5 cxd5 29. c5 Re6 30. Nd3 Rxe1 31. Rxe1 Nd4 32. Qxf6+ Kxf6 33. Kb1 Nf5 34.
g4 Nxh4 35. g5+ Kxg5 36. Rxe7 Nxf3 37. Rxf7 Kg4 38. Rxb7 h4 39. Rh7 Kg3 40. c6
h3 41. b4 h2 42. b5 g5 0-1

[Event "3rd Sharjah Masters 2019"]
[Site "Sharjah UAE"]
[Date "2019.03.29"]
[Round "8.22"]
[White "Shyaamnikhil, P"]
[Black "Arencibia Rodriguez, Walter"]
[Result "1-0"]
[WhiteTitle "IM"]
[BlackTitle "GM"]
[WhiteElo "2429"]
[BlackElo "2506"]
[WhiteFideId "5024218"]
[BlackFideId "3500012"]
[EventDate "2019.03.22"]

1. g3 d5 2. Bg2 c6 3. c4 Nf6 4. Nf3 Bg4 5. Ne5 Be6 6. cxd5 Bxd5 7. Nf3 c5 8. Nc3
Bc6 9. O-O e6 10. Re1 Nbd7 11. e4 e5 12. Bf1 Bd6 13. Nh4 g6 14. a4 O-O 15. Bc4
Ne8 16. d3 Ng7 17. Bh6 Re8 18. Ng2 Ne6 19. f4 exf4 20. gxf4 Bf8 21. Bxf8 Ndxf8
22. Qg4 Nd7 23. Kh1 Nf6 24. Qh3 Nd4 25. Rg1 Kg7 26. f5 Re5 27. Raf1 Qe7 28. Ne3
Re8 29. Rf4 Qd7 30. Qf1 Rf8 31. Rg2 Qd6 32. Ba2 Ree8 33. Qf2 Nh5 34. Rh4 Kh8 35.
Bd5 Nf6 36. Nc4 Qd8 37. Bxc6 Nxc6 38. Rh3 Rg8 39. Qxc5 Qd4 40. Qxd4 Nxd4 41. Nd6
Re7 1-0

[Event "3rd Sharjah Masters 2019"]
[Site "Sharjah UAE"]
[Date "2019.03.29"]
[Round "8.23"]
[White "Dimakiling, Oliver"]
[Black "Harsha, Bharathakoti"]
[Result "1/2-1/2"]
[WhiteTitle "IM"]
[BlackTitle "GM"]
[WhiteElo "2423"]
[BlackElo "2497"]
[WhiteFideId "5202248"]
[BlackFideId "5078776"]
[EventDate "2019.03.22"]

1. g3 d5 2. Bg2 Nf6 3. d3 c5 4. f4 Nc6 5. Nf3 g6 6. O-O Bg7 7. c3 O-O 8. Nh4 d4
9. e4 dxe3 10. Bxe3 Qd6 11. Kh1 b6 12. Na3 Bb7 13. d4 cxd4 14. Bxd4 Rad8 15. Bg1
Qc7 16. Qe2 Na5 17. Nf3 Bd5 18. c4 Be4 19. Rfd1 Nc6 20. Nb5 Qc8 21. c5 bxc5 22.
Bxc5 Qf5 23. Rac1 Rxd1+ 24. Qxd1 Rd8 25. Qe1 Qh5 26. Ng5 Bxg2+ 27. Kxg2 h6 28.
Nf3 Qd5 29. Nxa7 Nxa7 30. Bxa7 Qxa2 31. Bd4 Qa8 32. Be5 Ng4 33. Bxg7 Rd3 34. Qe2
Re3 35. Qd1 Kxg7 36. h3 Nf6 37. Rc3 Re4 38. Qd3 Qa2 39. Rc2 Rb4 40. Qc3 Qa4 41.
Re2 Rb3 42. Qe5 Qc6 43. Rf2 Kg8 44. Qxe7 Ne4 45. Qd8+ Kh7 46. Qd1 Qb7 47. Rc2
Rxb2 48. Qd3 Rb3 49. Rc7 Rb2+ 50. Rc2 Rb4 51. g4 Rb3 52. Rc7 Rb2+ 53. Rc2 Rb3
54. Rc7 Qb6 55. Rxf7+ Kg8 56. Qxe4 Rb2+ 57. Kh1 Rb1+ 58. Kg2 Rb2+ 59. Kh1 Kxf7
60. g5 Rb1+ 61. Kg2 Rb2+ 62. Kh1 Qd6 63. f5 Qd1+ 64. Ng1 Qd6 65. fxg6+ Qxg6 66.
Qd5+ Qe6 67. Qf3+ Kg6 68. gxh6 Qe5 69. Qd3+ Kxh6 70. Nf3 Qf4 71. Qc3 Rb1+ 72.
Kg2 Rb8 1/2-1/2

[Event "3rd Sharjah Masters 2019"]
[Site "Sharjah UAE"]
[Date "2019.03.29"]
[Round "8.24"]
[White "Lorparizangeneh, Shahin"]
[Black "Dhulipalla, Bala Chandra Prasad"]
[Result "1-0"]
[WhiteTitle "GM"]
[BlackTitle "IM"]
[WhiteElo "2493"]
[BlackElo "2384"]
[WhiteFideId "12521604"]
[BlackFideId "25005812"]
[EventDate "2019.03.22"]

1. d4 d5 2. Nf3 e6 3. g3 b5 4. Qd3 b4 5. c4 bxc3 6. Nxc3 Nf6 7. Bg2 Be7 8. O-O
O-O 9. Rd1 Bb7 10. Na4 Nbd7 11. Be3 Bc6 12. Nc3 Bb7 13. Na4 Bc6 14. Qc2 Bxa4 15.
Qxa4 c5 16. Rac1 c4 17. b3 Nb6 18. Qa6 Nfd7 19. Nd2 cxb3 20. Nxb3 Nc4 21. Rxc4
dxc4 22. Bxa8 cxb3 23. Bg2 b2 24. Rb1 Qb8 25. Bb7 Bf6 26. Rxb2 Nb6 27. Rb5 Bd8
28. Bf4 Bc7 29. Bxc7 Qxc7 30. Qxa7 Nd7 31. Qa3 Qc4 32. Qb2 h5 33. Rxh5 e5 34.
dxe5 Rb8 35. Rh4 Qc7 36. Rb4 Nxe5 37. Bd5 Rd8 38. Rb5 Qe7 1-0

[Event "3rd Sharjah Masters 2019"]
[Site "Sharjah UAE"]
[Date "2019.03.29"]
[Round "8.25"]
[White "Raja, Rithvik R"]
[Black "Iniyan, P"]
[Result "1/2-1/2"]
[WhiteTitle "IM"]
[BlackTitle "IM"]
[WhiteElo "2423"]
[BlackElo "2487"]
[WhiteFideId "35007394"]
[BlackFideId "25002767"]
[EventDate "2019.03.22"]

1. d4 Nf6 2. Bg5 d5 3. Bxf6 exf6 4. e3 Bd6 5. c4 dxc4 6. Bxc4 O-O 7. Nc3 c5 8.
Nf3 Nc6 9. dxc5 Bxc5 10. O-O Bg4 11. h3 Be6 12. Qe2 Bxc4 13. Qxc4 Bd6 14. Rfd1
Qe7 15. Rac1 Rac8 16. Nd5 Qe6 17. Qb5 a6 18. Qb6 h6 19. Rc3 Rb8 20. Rcd3 Rfd8
21. Nf4 Qe7 22. Nd5 Qe6 23. a3 Rd7 24. Nf4 Qe7 25. Nd4 Nxd4 26. Qxd4 Rbd8 27.
Nd5 Qe6 28. b4 Kh8 29. Qc4 b5 30. Qa2 Bb8 31. Qb3 Ba7 32. R1d2 Bb8 33. Qd1 Be5
34. h4 f5 35. g3 Rd6 36. Qf3 g6 37. Kg2 R8d7 38. Kg1 h5 1/2-1/2

[Event "3rd Sharjah Masters 2019"]
[Site "Sharjah UAE"]
[Date "2019.03.29"]
[Round "8.26"]
[White "Bharath, Subramaniyam H"]
[Black "Mendonca, Leon Luke"]
[Result "1/2-1/2"]
[WhiteTitle "CM"]
[BlackTitle "CM"]
[WhiteElo "2301"]
[BlackElo "2446"]
[WhiteFideId "46634827"]
[BlackFideId "35028561"]
[EventDate "2019.03.22"]

1. e4 c5 2. c3 d5 3. exd5 Qxd5 4. d4 Nf6 5. Nf3 Bg4 6. Nbd2 e6 7. Bc4 Qd7 8. Qb3
Nc6 9. Ne5 Qc7 10. Bb5 cxd4 11. Ndc4 Bd6 12. cxd4 O-O 13. Bxc6 bxc6 14. Bg5 Bf5
15. O-O Rab8 16. Qf3 Nd5 17. Nxd6 Qxd6 18. Nc4 Qb4 19. b3 f6 20. Bd2 Qe7 21.
Rac1 Rbc8 22. Rfe1 Rfd8 23. Qe2 c5 24. dxc5 Rxc5 25. g4 Bg6 26. Qxe6+ Qxe6 27.
Rxe6 Bd3 28. Ree1 Bxc4 29. Rxc4 Rxc4 30. bxc4 Nb6 31. Be3 Nxc4 32. Bxa7 Ne5 33.
Re4 Ra8 34. Be3 Rxa2 35. Kg2 Rc2 36. g5 Rc4 37. Rxc4 Nxc4 38. gxf6 gxf6 39. Kf3
Kf7 40. Kf4 Kg6 41. Bd4 Nd6 1/2-1/2

[Event "3rd Sharjah Masters 2019"]
[Site "Sharjah UAE"]
[Date "2019.03.29"]
[Round "8.27"]
[White "Priyanka, Nutakki"]
[Black "Debashis, Das"]
[Result "0-1"]
[WhiteTitle "WIM"]
[BlackTitle "GM"]
[WhiteElo "2297"]
[BlackElo "2532"]
[WhiteFideId "25049615"]
[BlackFideId "5024854"]
[EventDate "2019.03.22"]

1. c4 Nf6 2. Nc3 e6 3. e4 d5 4. e5 d4 5. exf6 dxc3 6. bxc3 Qxf6 7. Nf3 b6 8. g3
Bb7 9. Bg2 Bd6 10. O-O Nd7 11. d4 Qe7 12. a4 O-O 13. Re1 h6 14. a5 Rab8 15. axb6
axb6 16. Ra7 Ba8 17. Re2 Rfe8 18. Ne1 Bxg2 19. Kxg2 Ra8 20. Qa4 Rxa7 21. Qxa7
Qd8 22. f4 Qa8+ 23. Qxa8 Rxa8 24. Nc2 Ra4 25. Ne3 g6 26. Kf3 f5 27. Bb2 Kf7 28.
h3 Nf6 29. g4 h5 30. d5 fxg4+ 31. hxg4 exd5 32. g5 Nd7 33. Nxd5 Rxc4 34. Re4
Rxe4 35. Kxe4 Ke6 36. c4 c6 37. Ne3 Nc5+ 38. Kf3 Bxf4 39. Nc2 Bxg5 40. Nd4+ Kd7
41. Ne2 Ne6 42. Ng3 Be7 0-1

[Event "3rd Sharjah Masters 2019"]
[Site "Sharjah UAE"]
[Date "2019.03.29"]
[Round "8.28"]
[White "Venkatesh, M.R."]
[Black "Amdouni, Zoubaier"]
[Result "1-0"]
[WhiteTitle "GM"]
[BlackTitle "FM"]
[WhiteElo "2517"]
[BlackElo "2275"]
[WhiteFideId "5005779"]
[BlackFideId "5500419"]
[EventDate "2019.03.22"]

1. e4 c5 2. Be2 Nc6 3. f4 d5 4. d3 dxe4 5. dxe4 Qxd1+ 6. Bxd1 Nf6 7. Nc3 Bg4 8.
Be3 e6 9. h3 Bxd1 10. Rxd1 c4 11. a3 Nd7 12. Nb5 O-O-O 13. Nf3 Bc5 14. Bxc5 Nxc5
15. Nd6+ Rxd6 16. Rxd6 Nxe4 17. Rd1 c3 18. b4 Ne7 19. Ng5 Nxg5 20. fxg5 Nd5 21.
Ke2 Kd7 22. Rhf1 Ke7 23. Rd4 h6 24. Rh4 e5 25. g3 Ke6 26. Rf3 b5 27. gxh6 g5 28.
Rh5 e4 29. Rf1 f6 30. h4 Rh7 31. Rf2 a6 32. Rf1 Ne7 33. hxg5 fxg5 34. Rxg5 Rxh6
35. Ke3 Rh2 36. Kxe4 Rxc2 37. Re5+ Kd6 38. Rf6+ Kd7 39. Kd3 Rg2 40. Rf7 Kd6 41.
Rexe7 Kd5 1-0

[Event "3rd Sharjah Masters 2019"]
[Site "Sharjah UAE"]
[Date "2019.03.29"]
[Round "8.29"]
[White "Koniahli, Malek."]
[Black "Karthik, Venkataraman"]
[Result "0-1"]
[WhiteTitle "FM"]
[BlackTitle "GM"]
[WhiteElo "2294"]
[BlackElo "2494"]
[WhiteFideId "7603495"]
[BlackFideId "25006479"]
[EventDate "2019.03.22"]

1. e4 c5 2. Nf3 d6 3. d4 Nf6 4. Nc3 cxd4 5. Nxd4 a6 6. g3 g6 7. Bg2 Bg7 8. O-O
O-O 9. Qe2 Bg4 10. f3 Bd7 11. Be3 Nc6 12. Rad1 Qc7 13. Kh1 Rac8 14. Nxc6 Bxc6
15. Bd4 b5 16. a3 Qb7 17. Na2 a5 18. Qd2 Ra8 19. Bc3 Qc7 20. Nc1 Nd7 21. Nb3
Bxc3 22. Qxc3 Rfc8 23. Bh3 Qb6 24. Nd4 e5 25. Nxc6 Rxc6 26. Qd3 Nf6 27. f4 Qc5
28. f5 g5 29. Bg2 h6 30. c3 b4 31. axb4 axb4 32. Rc1 Ra2 33. Qb1 b3 34. Rce1 Ng4
35. Bf3 Ne3 36. Rf2 Rca6 37. Rfe2 Nc2 38. Rxc2 bxc2 39. Qxc2 Rb6 40. Re2 Qb5 41.
Qd1 Rxb2 42. Rxb2 Qxb2 43. Qa4 Rb8 44. Kg1 Qd2 45. Bd1 Kg7 46. Bb3 Qxc3 47. Bxf7
Qe1+ 48. Kg2 Rb2+ 49. Kh3 Qf1+ 50. Kg4 Qe2+ 51. Kh3 Qxh2+ 52. Kg4 Qe2+ 53. Kh3
g4+ 54. Kh4 Qf3 0-1

[Event "3rd Sharjah Masters 2019"]
[Site "Sharjah UAE"]
[Date "2019.03.29"]
[Round "8.30"]
[White "Sundararajan, Kidambi"]
[Black "Jeet, Jain"]
[Result "1/2-1/2"]
[WhiteTitle "GM"]
[BlackTitle "FM"]
[WhiteElo "2413"]
[BlackElo "2219"]
[WhiteFideId "5005370"]
[BlackFideId "5073022"]
[EventDate "2019.03.22"]

1. c4 e6 2. g3 d5 3. Bg2 Nf6 4. Nf3 dxc4 5. O-O a6 6. Qc2 Nbd7 7. a4 Rb8 8. Qxc4
b5 9. axb5 axb5 10. Qc2 Bb7 11. Nc3 c5 12. d4 Bxf3 13. Bxf3 cxd4 1/2-1/2

[Event "3rd Sharjah Masters 2019"]
[Site "Sharjah UAE"]
[Date "2019.03.29"]
[Round "8.31"]
[White "Divya, Deshmukh"]
[Black "Akash, G"]
[Result "1/2-1/2"]
[WhiteTitle "WIM"]
[BlackTitle "IM"]
[WhiteElo "2266"]
[BlackElo "2411"]
[WhiteFideId "35006916"]
[BlackFideId "5040299"]
[EventDate "2019.03.22"]

1. e4 e5 2. Nf3 Nc6 3. Bb5 a6 4. Ba4 Nf6 5. O-O Be7 6. Re1 b5 7. Bb3 d6 8. c3
O-O 9. h3 Nb8 10. d4 Nbd7 11. c4 c6 12. Nc3 Qc7 13. Qc2 Bb7 14. Bg5 h6 15. Be3
Rfe8 16. a3 Bf8 17. Rac1 Rac8 18. Qb1 exd4 19. Bxd4 Ne5 20. Bxe5 dxe5 21. Nh4 b4
22. axb4 Bxb4 23. Nf5 g6 24. Ne3 Rcd8 25. Re2 Rd4 26. Na2 Bc5 27. Bc2 a5 28. Rd1
Bc8 29. Nc1 Rxd1+ 30. Bxd1 Be6 31. Ba4 Rb8 32. Qc2 Bd4 33. b3 Qb6 34. Nf1 Nd7
35. Nd3 Nc5 36. Nxc5 Bxc5 37. Nd2 f6 38. Nf3 Kf7 39. Rd2 g5 40. Qd1 Qc7 41. Rd3
Rg8 42. Nh2 Kg6 43. Nf1 Qb6 44. Qe2 h5 45. Ng3 g4 46. h4 Bd4 47. Qd2 Rd8 48. Kf1
Rf8 49. Nf5 Bxf5 50. exf5+ Kh7 51. Qe2 Rd8 52. Qe4 c5 53. f3 Rg8 54. Qd5 Qc7 55.
Bd7 Rg7 56. Be8 gxf3 57. Bg6+ Kh8 58. Qa8+ Rg8 59. Qxf3 Kg7 60. Bxh5 e4 61. Qg3+
Qxg3 62. Rxg3+ Kh8 63. Rxg8+ Kxg8 64. Be8 Be5 65. Kf2 e3+ 66. Kxe3 Bg3 67. Ke4
Bxh4 68. Kd5 Bf2 69. Kc6 Kg7 70. Kb5 Kh6 71. g4 Kg5 72. Bh5 Be3 73. Kxa5 Bd2+
74. Kb6 Bb4 75. Kc6 Ba3 1/2-1/2

[Event "3rd Sharjah Masters 2019"]
[Site "Sharjah UAE"]
[Date "2019.03.29"]
[Round "8.32"]
[White "Kunal, M."]
[Black "Zou, Chen"]
[Result "1/2-1/2"]
[BlackTitle "FM"]
[WhiteElo "2258"]
[BlackElo "2397"]
[WhiteFideId "5018250"]
[BlackFideId "8610959"]
[EventDate "2019.03.22"]

1. e4 c5 2. Nf3 d6 3. d4 cxd4 4. Nxd4 Nf6 5. Nc3 a6 6. Be2 e5 7. Nb3 Be7 8. O-O
O-O 9. Re1 Be6 10. Be3 Nbd7 11. a4 Rc8 12. Bf3 Qc7 13. a5 Rfe8 14. Nd2 h6 15.
Nf1 Nf8 16. Re2 N8h7 17. Rd2 Ng5 18. Bxg5 hxg5 19. Ne3 Qc5 20. Ra4 Bd8 21. Qa1
g6 22. h3 Kg7 23. Bg4 Nxg4 24. hxg4 Rh8 25. Qa3 Bd7 26. Qxc5 Rxc5 27. Rb4 Bc6
28. Nc4 Bxa5 29. Nxa5 Rxa5 30. f3 Ra1+ 31. Kf2 b5 32. Rxd6 Rc8 33. Rb3 a5 34.
Nxb5 Bxb5 35. Rxb5 Rxc2+ 36. Ke3 Re1+ 37. Kd3 Rxg2 38. Kc4 Re3 39. Rd3 Rc2+ 40.
Rc3 Rcxc3+ 41. bxc3 Rxf3 42. Rxa5 Rg3 43. Rxe5 Rxg4 44. Kd4 f5 45. c4 f4 46. c5
Rg1 47. Rd5 g4 48. c6 g3 49. c7 Rc1 50. Rc5 Rxc5 51. Kxc5 g2 52. c8=Q g1=Q+ 53.
Kd5 Qd1+ 54. Ke5 f3 55. Qc3 Kh6 56. Kf4 g5+ 57. Kg3 Qg1+ 58. Kxf3 Qh1+ 59. Kf2
Qh2+ 60. Kf1 Kg6 61. Qf3 Kg7 62. Qf5 Qh1+ 63. Kf2 Qh4+ 64. Kg2 g4 65. Qe5+ Kf7
66. Qf5+ Ke7 67. Qe5+ Kd7 68. Qd5+ Kc7 69. Qc5+ Kd7 70. Qd5+ Ke7 1/2-1/2

[Event "3rd Sharjah Masters 2019"]
[Site "Sharjah UAE"]
[Date "2019.03.29"]
[Round "8.39"]
[White "Nasanjargal, Urtnasan"]
[Black "Kumar, Gaurav"]
[Result "1-0"]
[WhiteTitle "FM"]
[WhiteElo "2503"]
[BlackElo "2074"]
[WhiteFideId "4900774"]
[BlackFideId "5085578"]
[EventDate "2019.03.22"]

1. d4 Nf6 2. c4 e6 3. g3 d5 4. Nf3 dxc4 5. Bg2 Nc6 6. Qa4 Bb4+ 7. Bd2 Nd5 8.
Bxb4 Nxb4 9. a3 b5 10. Qxb5 Nc2+ 11. Kf1 Bd7 12. Ra2 N6xd4 13. Qc5 Bc6 14. Nxd4
Bxg2+ 15. Kxg2 Qxd4 16. Qc6+ Ke7 17. Rc1 Rhd8 18. Rxc2 Qd1 19. Qxc4 Qxb1 20.
Qb4+ Ke8 21. Rxc7 Rd7 22. Rxd7 Kxd7 23. Qb7+ Kd6 24. Qxa8 Qxa2 25. Qf8+ Kc6 26.
Qxg7 Qd5+ 27. f3 Qc4 28. Qe5 a5 29. Kf2 a4 30. h4 Kb6 31. h5 f6 32. Qxf6 Qc5+
33. Kg2 Qe3 34. Qd8+ Kc5 35. Qa5+ Kd6 36. Qb4+ Kd5 37. Qb5+ Kd6 38. Qd3+ Qxd3
39. exd3 Ke5 40. Kf2 Kd4 41. Ke2 1-0